Filtros e ideais /
Guardado en:
| Autor Principal: | |
|---|---|
| Formato: | Libro |
| Idioma: | Portuguese |
| Publicado: |
Rio de Janeiro :
Instituto de Matemática Pura e Aplicada do Conselho Nacional de Pesquisas,
1959.
|
| Series: | Notas de matemática (Rio de Janeiro, Brasil) ;
no. 2-5 |
| Etiquetas: |
Agregar Etiqueta
Sin Etiquetas, Sea el primero en etiquetar este registro!
|
| LEADER | 00803nam a22001935a 4500 | ||
|---|---|---|---|
| 001 | MAT.inmabb000762 | ||
| 008 | 031119s1959####bl############000#0#por#d | ||
| 005 | 20170825164428.0 | ||
| 245 | 1 | 0 | |a Filtros e ideais / |c por A. Monteiro. |
| 260 | |a Rio de Janeiro : |b Instituto de Matemática Pura e Aplicada do Conselho Nacional de Pesquisas, |c 1959. | ||
| 300 | |a ii, 63-130 h. ; |c 27 cm. | ||
| 490 | 0 | |a Notas de matemática ; |v no. 2-5 | |
| 510 | 4 | |a MR, |c 17,937g | |
| 100 | 1 | |a Monteiro, Antonio A. R. |q (Antonio Aniceto Ribeiro), |d 1907-1980. | |
| 830 | 0 | |a Notas de matemática (Rio de Janeiro, Brasil) ; |v no. 2-5 | |
| 084 | |a 06 |2 msc2000 | ||
| 859 | |h 06 |i M775 |p A-565 |v 2 |3 Vol. II |b BIB. MATEMATICA | ||
| 859 | |h 06 |i M775 |p A-566 |t Ej. 2 |v 2 |3 Vol. II |b BIB. MATEMATICA | ||
| 859 | |h 06 |i M775 |p A-1004 |t Ej. 3 |v 2 |3 Vol. II |b BIB. MATEMATICA | ||
